[Event "XXXIII C.to Italiano femminile"]
[Site "Bratto - Castione della Presolana ITA"]
[Date "2006.08.21"]
[Round "3"]
[White "Chiarion, Elisa"]
[Black "Varagnolo, Silvia"]
[Result "1-0"]
[WhiteElo "1636"]
[BlackElo "1667"]
[PlyCount "81"]
[EventDate "2006.08.19"]

1. e4 c6 2. d4 d5 3. e5 Bf5 4. Nc3 e6 5. g4 Bg6 6. Nge2 Nd7 7. Nf4 Ne7 8. Be2
a6 9. Be3 c5 10. Qd2 Qc7 11. Nxg6 Nxg6 12. f4 cxd4 13. Bxd4 Bb4 14. O-O-O Nc5
15. Qe3 Rc8 16. f5 Ne7 17. Bd3 Nxd3+ 18. Qxd3 Nc6 19. a3 Nxd4 20. axb4 Nc6 21.
b5 Nxe5 22. Qe2 Qd6 23. Rhe1 f6 24. fxe6 Qxe6 25. Nxd5 O-O 26. g5 Rfe8 27. gxf6
gxf6 28. Qg2+ Kh8 29. Nc3 Re7 30. Qf2 axb5 31. Kb1 Qf7 32. Nxb5 Qg6 33. Nc3
Rce8 34. Rg1 Ng4 35. Qf4 h5 36. h3 f5 37. hxg4 hxg4 38. Rh1+ Kg8 39. Qc4+ Rf7
40. Rd7 Ree7 41. Rxe7 1-0

[Event "XXXIII C.to Italiano femminile"]
[Site "Bratto - Castione della Presolana ITA"]
[Date "2006.08.21"]
[Round "3"]
[White "De Rosa, Mariagrazia"]
[Black "Panella, Fiammetta"]
[Result "1/2-1/2"]
[WhiteElo "2092"]
[BlackElo "1954"]
[PlyCount "47"]
[EventDate "2006.08.19"]

1. e4 c5 2. Nf3 e6 3. c3 Nf6 4. e5 Nd5 5. d4 cxd4 6. cxd4 b6 7. Nc3 Nxc3 8.
bxc3 Qc7 9. Bd2 Bb7 10. Bd3 d6 11. O-O Nd7 12. Re1 dxe5 13. Nxe5 Nxe5 14. Rxe5
Bd6 15. Rg5 Bxh2+ 16. Kh1 O-O-O 17. Qg4 h5 18. Qh4 Bd6 19. Rxh5 Rxh5 20. Qxh5
Bf4 21. Bxf4 Qxf4 22. Kg1 Rd5 23. Qh8+ Kc7 24. Qh2 1/2-1/2

[Event "XXXIII C.to Italiano femminile"]
[Site "Bratto - Castione della Presolana ITA"]
[Date "2006.08.21"]
[Round "3"]
[White "Di Cerbo, Giulia"]
[Black "Ammendola, Monica"]
[Result "1-0"]
[WhiteElo "1914"]
[BlackElo "1640"]
[PlyCount "79"]
[EventDate "2006.08.19"]

1. d4 Nf6 2. Nf3 e6 3. Bf4 d5 4. e3 Nc6 5. c3 Bd6 6. Bg3 O-O 7. Bd3 Re8 8. Ne5
Ne7 9. Nd2 Nf5 10. Bf4 h6 11. h4 Bxe5 12. dxe5 Nd7 13. Nf3 Nc5 14. g4 Ne7 15.
h5 b6 16. Bc2 Bb7 17. Nd4 Ne4 18. f3 c5 19. Nb3 Ng5 20. Bxg5 hxg5 21. Qe2 Nc6
22. f4 c4 23. Nd4 Nxd4 24. cxd4 Rc8 25. Qh2 b5 26. h6 g6 27. h7+ Kg7 28. Qh6+
Kh8 29. Qxg5 Qxg5 30. fxg5 Kg7 31. Ke2 Rh8 32. Raf1 Rc7 33. Rh6 Rxh7 34. Rfh1
Rxh6 35. gxh6+ Kh7 36. g5 a5 37. Kd2 b4 38. Ba4 Bc6 39. Bc2 a4 40. Rc1 1-0

[Event "XXXIII C.to Italiano femminile"]
[Site "Bratto - Castione della Presolana ITA"]
[Date "2006.08.21"]
[Round "3"]
[White "Matta, Francesca"]
[Black "Reginato, Sabrina"]
[Result "1-0"]
[WhiteElo "1841"]
[BlackElo "1517"]
[PlyCount "95"]
[EventDate "2006.08.19"]

1. e4 c5 2. Nc3 d6 3. g3 g6 4. Bg2 Bg7 5. d3 Nc6 6. f4 Nf6 7. Nf3 Nd4 8. O-O
O-O 9. h3 Ne8 10. Be3 f5 11. Rb1 Nc7 12. Ne2 e5 13. exf5 Nxf5 14. Bf2 Nd4 15.
Be3 Nce6 16. fxe5 Nxf3+ 17. Rxf3 Rxf3 18. Bxf3 Bxe5 19. Bg2 d5 20. Bxc5 Nxc5
21. d4 Bd6 22. dxc5 Bxc5+ 23. Kh2 d4 24. Qd3 Kg7 25. Rd1 Bf5 26. Be4 Bxe4 27.
Qxe4 Qb6 28. Nxd4 Bxd4 29. Rxd4 Qc7 30. Qd3 Kh8 31. Rd7 Qe5 32. Rxb7 Qf6 33.
Qc3 Qxc3 34. bxc3 Rc8 35. Rb3 Kg7 36. Kg2 Kf6 37. Kf3 h5 38. Ke3 g5 39. Kd3 Rc7
40. Rb4 Rd7+ 41. Rd4 Re7 42. c4 Re1 43. c5 Ke5 44. c3 Rf1 45. c6 Rf3+ 46. Kc4
Rf8 47. Kc5 Rc8 48. Rd7 1-0

[Event "XXXIII C.to Italiano femminile"]
[Site "Bratto - Castione della Presolana ITA"]
[Date "2006.08.21"]
[Round "3"]
[White "Messina, Roberta"]
[Black "Vocaturo, Ilaria"]
[Result "1-0"]
[WhiteElo "1859"]
[BlackElo "1580"]
[PlyCount "77"]
[EventDate "2006.08.19"]

1. e4 e5 2. Nf3 Nf6 3. Nxe5 d6 4. Nf3 Nxe4 5. Nc3 Nxc3 6. dxc3 Nc6 7. Bf4 Be7
8. Qd2 Bf5 9. O-O-O O-O 10. Nd4 Bg6 11. f3 Ne5 12. Kb1 a5 13. Qe3 Bf6 14. Be2
Re8 15. Qd2 a4 16. g4 a3 17. b3 c5 18. Nb5 Qa5 19. c4 Nc6 20. Qxa5 Rxa5 21. Bd3
d5 22. Bxg6 hxg6 23. Rxd5 Ne5 24. Bd2 Rxb5 25. cxb5 Nxf3 26. Bc1 Bd4 27. Bxa3
Nd2+ 28. Kc1 Re2 29. Bxc5 Bc3 30. Kd1 Rg2 31. Rd3 Ne4 32. Ba7 Ba5 33. Bd4 Rxg4
34. a3 Rg2 35. b4 Bc7 36. a4 Bf4 37. a5 Nd6 38. a6 Nxb5 39. a7 1-0

[Event "XXXIII C.to Italiano femminile"]
[Site "Bratto - Castione della Presolana ITA"]
[Date "2006.08.21"]
[Round "3"]
[White "Mosca, Giulia"]
[Black "Brunello, Roberta"]
[Result "0-1"]
[WhiteElo "1563"]
[BlackElo "1863"]
[PlyCount "120"]
[EventDate "2006.08.19"]

1. e4 e5 2. Nf3 Nc6 3. Bb5 d6 4. O-O Bd7 5. Re1 Nf6 6. c3 Be7 7. d4 O-O 8. Nbd2
a6 9. Ba4 b5 10. Bc2 h6 11. Nf1 Nh7 12. Ng3 Ng5 13. d5 Na5 14. Nxg5 Bxg5 15.
Qh5 g6 16. Bxg5 Qxg5 17. Qxg5 hxg5 18. b3 Ra7 19. Bd3 Rb8 20. Rac1 Nb7 21. f3
Nc5 22. Bf1 b4 23. cxb4 Rxb4 24. Rc4 Rbb7 25. Rec1 a5 26. Nh1 Bb5 27. R4c3 Bxf1
28. Kxf1 a4 29. Rb1 axb3 30. axb3 Ra3 31. Ke1 Rbxb3 32. Rbxb3 Rxb3 33. Rxb3
Nxb3 34. Nf2 Kf8 35. Ng4 Ke7 36. Kd1 f5 37. Nf2 Nc5 38. Ke2 Kd7 39. Ke3 c6 40.
dxc6+ Kxc6 41. g4 f4+ 42. Ke2 Ne6 43. Nd1 Nd4+ 44. Kf2 Nb5 45. Nb2 d5 46. exd5+
Kxd5 47. Nd1 Kd4 48. Nb2 Nc3 49. h3 e4 50. fxe4 Nxe4+ 51. Kf3 Nd2+ 52. Ke2 Nc4
53. Nd1 Ne5 54. Nf2 f3+ 55. Kd2 Nc4+ 56. Ke1 Ke3 57. Nd1+ Kf4 58. Kf2 Nd2 59.
Nc3 Ne4+ 60. Nxe4 Kxe4 0-1

[Event "XXXIII C.to Italiano femminile"]
[Site "Bratto - Castione della Presolana ITA"]
[Date "2006.08.21"]
[Round "3"]
[White "Palmitessa, Chiara"]
[Black "Fittante, Giuliana"]
[Result "0-1"]
[WhiteElo "1569"]
[BlackElo "1883"]
[PlyCount "58"]
[EventDate "2006.08.19"]

1. e4 e5 2. Nf3 Nf6 3. Nc3 Bb4 4. d3 d5 5. exd5 Nxd5 6. Bd2 Nc6 7. Nxd5 Bxd2+
8. Qxd2 Qxd5 9. Be2 O-O 10. O-O Be6 11. a3 f6 12. Rad1 Rad8 13. Qc3 Qd7 14.
Rfe1 Ne7 15. g3 Ng6 16. Nd2 Bd5 17. Bf3 Bxf3 18. Nxf3 b6 19. d4 Qg4 20. Nd2
Rxd4 21. f3 Qd7 22. Qb3+ Kh8 23. Qe3 Rd8 24. Re2 Qd6 25. Kf2 Ne7 26. Ke1 Qc5
27. Qf2 Qxc2 28. b4 Qc3 29. h3 Qxa3 0-1

[Event "XXXIII C.to Italiano femminile"]
[Site "Bratto - Castione della Presolana ITA"]
[Date "2006.08.21"]
[Round "3"]
[White "Palmitessa, Irene"]
[Black "Brunello, Marina"]
[Result "0-1"]
[WhiteElo "1643"]
[BlackElo "1944"]
[PlyCount "56"]
[EventDate "2006.08.19"]

1. e4 e5 2. Nf3 Nc6 3. Nc3 Nf6 4. Bc4 Bc5 5. d3 d6 6. h3 a6 7. Bg5 h6 8. Be3
O-O 9. O-O Qe7 10. Nd2 Nd4 11. Ne2 Be6 12. Nxd4 exd4 13. Bf4 d5 14. exd5 Nxd5
15. Bg3 Ne3 16. fxe3 dxe3 17. Qe2 exd2+ 18. Kh1 Bxc4 19. Qxe7 Bxe7 20. dxc4 Bf6
21. c3 Rfe8 22. Bxc7 Bg5 23. Bg3 Re2 24. Rf2 Re3 25. Rf3 Rae8 26. Rxe3 Rxe3 27.
Kh2 Bf4 28. Bxf4 Re1 0-1

[Event "XXXIII C.to Italiano femminile"]
[Site "Bratto - Castione della Presolana ITA"]
[Date "2006.08.21"]
[Round "3"]
[White "Sautto, Alessandra"]
[Black "Chierici, Marianna"]
[Result "1/2-1/2"]
[WhiteElo "1950"]
[BlackElo "1938"]
[PlyCount "126"]
[EventDate "2006.08.19"]

1. d4 d6 2. Nf3 Nd7 3. e4 e5 4. c3 Ngf6 5. Nbd2 c6 6. Bd3 Be7 7. O-O O-O 8. Re1
Qc7 9. Nf1 Re8 10. Ng3 b6 11. h3 Bf8 12. Bg5 h6 13. Be3 Bb7 14. Qd2 Rad8 15.
Nh4 d5 16. Nhf5 exd4 17. cxd4 Nxe4 18. Bxe4 dxe4 19. Bf4 Qc8 20. Nxe4 c5 21.
Ned6 Qc6 22. Nxb7 Qxb7 23. Rxe8 Rxe8 24. dxc5 Nxc5 25. Rd1 Qc6 26. Ng3 Ne6 27.
Be3 Rd8 28. Qe2 Rxd1+ 29. Qxd1 Be7 30. Qd2 Qd6 31. Qxd6 Bxd6 32. Ne4 Be5 33. b3
Kf8 34. Kf1 Ke7 35. Bd2 Kd7 36. Ke2 Kc6 37. Kd3 Nf4+ 38. Bxf4 Bxf4 39. Kc4 Be5
40. a4 a6 41. Nd2 b5+ 42. axb5+ axb5+ 43. Kd3 Kd5 44. Nf3 Bf6 45. Nd2 Bd4 46.
f3 f5 47. Nf1 Ke5 48. Nd2 Bc5 49. Nf1 g6 50. Nd2 Bb4 51. Nf1 Ba5 52. Ne3 Bb6
53. Nf1 Kd5 54. Nd2 Bc7 55. Nf1 Bf4 56. g3 Bg5 57. f4 Be7 58. Ne3+ Kc5 59. g4
Bd6 60. gxf5 gxf5 61. Nxf5 Bxf4 62. Nd4 Be5 63. Nxb5 Kxb5 1/2-1/2

[Event "XXXIII C.to Italiano femminile"]
[Site "Bratto - Castione della Presolana ITA"]
[Date "2006.08.21"]
[Round "3"]
[White "Tonel, Giulia"]
[Black "Zanaboni, Alessandra"]
[Result "1-0"]
[WhiteElo "1905"]
[BlackElo "1617"]
[PlyCount "83"]
[EventDate "2006.08.19"]

1. e4 c5 2. Nf3 d6 3. d4 cxd4 4. Qxd4 Nc6 5. Bb5 Bd7 6. Bxc6 Bxc6 7. Nc3 Nf6 8.
Bg5 h6 9. Bh4 Qa5 10. O-O-O O-O-O 11. Kb1 g5 12. Bg3 Bg7 13. Qd3 Nh5 14. Nd4
Bd7 15. Nb3 Qa6 16. Nd5 Rhe8 17. Qxa6 bxa6 18. Na5 Nxg3 19. hxg3 Bb5 20. c4 Bd7
21. Rhe1 Be6 22. Nc6 Rd7 23. Ncxe7+ Rexe7 24. Nxe7+ Rxe7 25. Rxd6 Bxc4 26. Rc6+
Kb8 27. Rxc4 Rb7 28. Re2 a5 29. Rec2 a6 30. Rc5 a4 31. Ra5 Rb4 32. f3 Ka7 33.
a3 Rd4 34. Rac5 Rd7 35. Rc7+ Rxc7 36. Rxc7+ Kb6 37. Rxf7 Be5 38. f4 gxf4 39.
gxf4 Bd4 40. Rh7 Kb5 41. Rxh6 Be3 42. Rf6 1-0

[Event "XXXIII C.to Italiano femminile"]
[Site "Bratto - Castione della Presolana ITA"]
[Date "2006.08.22"]
[Round "4"]
[White "Brunello, Marina"]
[Black "Matta, Francesca"]
[Result "0-1"]
[WhiteElo "1944"]
[BlackElo "1841"]
[PlyCount "52"]
[EventDate "2006.08.19"]

1. e4 e5 2. Nf3 Nc6 3. d4 exd4 4. Nxd4 Bc5 5. Be3 Qf6 6. c3 Nge7 7. Bc4 O-O 8.
O-O Bb6 9. Nc2 d6 10. f4 Bxe3+ 11. Nxe3 Be6 12. Bd3 Qh6 13. f5 Qxe3+ 14. Kh1
Ne5 15. Bc2 Bc4 16. f6 Bxf1 17. fxe7 Bxg2+ 18. Kxg2 Qg5+ 19. Kh1 Qxe7 20. Nd2
Qh4 21. Qe2 Ng4 22. Nf3 Qf2 23. Qd3 Ne3 24. Ne1 Qf1+ 25. Qxf1 Nxf1 26. h3 Ng3+
0-1

[Event "XXXIII C.to Italiano femminile"]
[Site "Bratto - Castione della Presolana ITA"]
[Date "2006.08.22"]
[Round "4"]
[White "Brunello, Roberta"]
[Black "Tonel, Giulia"]
[Result "1-0"]
[WhiteElo "1863"]
[BlackElo "1905"]
[PlyCount "53"]
[EventDate "2006.08.19"]

1. e4 e5 2. Nf3 Nc6 3. d4 exd4 4. Nxd4 Nf6 5. Nc3 Bb4 6. Nxc6 bxc6 7. Bd3 d5 8.
exd5 cxd5 9. O-O O-O 10. Bd2 c6 11. Na4 Be7 12. Re1 Re8 13. c4 a5 14. Qc2 Ba6
15. Rad1 Bb4 16. Rxe8+ Qxe8 17. Be3 Bf8 18. Nb6 Rd8 19. Qa4 Ng4 20. Bf4 Nxf2
21. Kxf2 Bc5+ 22. Kf1 Bxb6 23. cxd5 Bb7 24. d6 Qe6 25. Qe4 Qxe4 26. Bxe4 Bc5
27. Ke2 $139 1-0

[Event "XXXIII C.to Italiano femminile"]
[Site "Bratto - Castione della Presolana ITA"]
[Date "2006.08.22"]
[Round "4"]
[White "Capuano, Francesca"]
[Black "De Rosa, Mariagrazia"]
[Result "1/2-1/2"]
[WhiteElo "1977"]
[BlackElo "2092"]
[PlyCount "41"]
[EventDate "2006.08.19"]

1. d4 c5 2. e3 Nf6 3. Nf3 g6 4. c4 Bg7 5. Nc3 O-O 6. Be2 cxd4 7. Nxd4 Nc6 8.
O-O d6 9. Nxc6 bxc6 10. Bf3 Bd7 11. Qc2 Rb8 12. Bd2 Qc7 13. Rac1 e5 14. e4 Bc8
15. b3 h5 16. Rfd1 Nd7 17. Na4 Nc5 18. Nxc5 dxc5 19. Be3 Qe7 20. Qd3 Re8 21.
Qd6 1/2-1/2

[Event "XXXIII C.to Italiano femminile"]
[Site "Bratto - Castione della Presolana ITA"]
[Date "2006.08.22"]
[Round "4"]
[White "Chiarion, Elisa"]
[Black "Messina, Roberta"]
[Result "0-1"]
[WhiteElo "1636"]
[BlackElo "1859"]
[PlyCount "118"]
[EventDate "2006.08.19"]

1. e4 c5 2. Nf3 d6 3. d4 cxd4 4. Nxd4 Nf6 5. Nc3 a6 6. Be2 e6 7. O-O Be7 8. f4
Qc7 9. a4 Nc6 10. Kh1 O-O 11. Be3 Bd7 12. Nb3 b6 13. Qe1 Nb4 14. Rc1 Bc6 15.
Bf3 Rab8 16. Qg3 Rfd8 17. Bd4 Rbc8 18. Nd2 Bb7 19. Rfd1 Nc6 20. Be3 Nb8 21. e5
dxe5 22. Bxb7 Qxb7 23. fxe5 Nd5 24. Bh6 Bf8 25. Nce4 Kh8 26. Nd6 Rxd6 27. exd6
gxh6 28. c4 Nf6 29. Rf1 Nbd7 30. Qh4 Bg7 31. Qg3 Qc6 32. b3 Qc5 33. Rcd1 Qg5
34. Qf3 Rg8 35. Rfe1 Ne5 36. Qf1 Nfg4 37. Qg1 Nd3 38. Re2 Qh5 39. Rf1 Nxh2 40.
Qxh2 Qxe2 41. g3 Qxh2+ 42. Kxh2 Be5 43. d7 Bxg3+ 44. Kh1 Nf2+ 45. Kg2 Bh4+ 46.
Kf3 Rd8 47. Ne4 Nxe4 48. Kxe4 Rxd7 49. Rh1 Bg5 50. b4 Kg7 51. Rh2 Rd2 52. Rh1
Rb2 53. c5 Rxb4+ 54. Kd3 bxc5 55. a5 Ra4 56. Rg1 Kf6 57. Rf1+ Ke7 58. Rb1 Rxa5
59. Rb7+ Kf6 0-1

[Event "XXXIII C.to Italiano femminile"]
[Site "Bratto - Castione della Presolana ITA"]
[Date "2006.08.22"]
[Round "4"]
[White "Costantini, Laura"]
[Black "Palmitessa, Irene"]
[Result "1-0"]
[WhiteElo "2048"]
[BlackElo "1643"]
[PlyCount "99"]
[EventDate "2006.08.19"]

1. e4 e5 2. Nf3 Nc6 3. d4 exd4 4. Nxd4 Nxd4 5. Qxd4 d6 6. Nc3 Nf6 7. Bg5 Be7 8.
O-O-O Be6 9. e5 dxe5 10. Qxe5 Bd6 11. Bb5+ Kf8 12. Qe2 h6 13. Bh4 Qe7 14. Ne4
Bf4+ 15. Kb1 Bxa2+ 16. Kxa2 Qxe4 17. Bxf6 Qxe2 18. Bxg7+ Kxg7 19. Bxe2 Rad8 20.
Bd3 Rhe8 21. g3 Bd6 22. Rd2 Bb4 23. Rdd1 Re7 24. Kb3 Bc5 25. Rhf1 Kf6 26. Ra1
Re5 27. Ra4 Rd4 28. Rfa1 Red5 29. f3 Rd6 30. Rxd4 Rxd4 31. Ra5 Bb6 32. Rf5+ Kg7
33. Re5 Kf6 34. Re8 Bc5 35. Rb8 Rb4+ 36. Kc3 Rb6 37. Rh8 Ke7 38. h4 Bf2 39. Rg8
Be1+ 40. Kd4 Rxb2 41. h5 a5 42. g4 b5 43. g5 Bd2 44. g6 fxg6 45. hxg6 Kf6 46.
Rf8+ Ke7 47. g7 Rb4+ 48. Kd5 Bc3 49. g8=Q Rd4+ 50. Kc6 1-0

[Event "XXXIII C.to Italiano femminile"]
[Site "Bratto - Castione della Presolana ITA"]
[Date "2006.08.22"]
[Round "4"]
[White "Di Cerbo, Giulia"]
[Black "Palmitessa, Chiara"]
[Result "1-0"]
[WhiteElo "1914"]
[BlackElo "1569"]
[PlyCount "45"]
[EventDate "2006.08.19"]

1. d4 d5 2. Nf3 Nf6 3. Bf4 Bf5 4. e3 e6 5. c3 Nbd7 6. Bd3 Bxd3 7. Qxd3 c5 8.
Nbd2 Qb6 9. Qc2 Nh5 10. Bg3 Nxg3 11. hxg3 h6 12. O-O Be7 13. Rab1 h5 14. e4
cxd4 15. exd5 dxc3 16. bxc3 Qd6 17. dxe6 Qxe6 18. Rfe1 Qg4 19. Re4 Qg6 20. Rbe1
Kf8 21. Qb1 Bf6 22. Qxb7 Nb6 23. Qxa8+ 1-0

[Event "XXXIII C.to Italiano femminile"]
[Site "Bratto - Castione della Presolana ITA"]
[Date "2006.08.22"]
[Round "4"]
[White "Fittante, Giuliana"]
[Black "Chierici, Marianna"]
[Result "0-1"]
[WhiteElo "1883"]
[BlackElo "1938"]
[PlyCount "66"]
[EventDate "2006.08.19"]

1. d4 d6 2. g3 e5 3. dxe5 dxe5 4. Qxd8+ Kxd8 5. Bg2 c6 6. Nf3 f6 7. O-O Bf5 8.
c3 Nd7 9. Nbd2 g5 10. Nc4 h5 11. Rd1 Kc7 12. a4 Nc5 13. Nfd2 Rd8 14. Re1 Be6
15. b4 Nd7 16. Ba3 Nb6 17. Nxb6 Rxd2 18. Na8+ Kb8 19. Red1 Rxd1+ 20. Rxd1 Be7
21. Be4 Kxa8 22. b5 Kb8 23. bxc6 bxc6 24. Bxe7 Nxe7 25. Rd6 Bd5 26. Bc2 Rf8 27.
Rd7 Nc8 28. a5 Rf7 29. Rd8 Kc7 30. Rh8 Nd6 31. Rxh5 Nc4 32. a6 Kb6 33. Bf5 Nd6
0-1

[Event "XXXIII C.to Italiano femminile"]
[Site "Bratto - Castione della Presolana ITA"]
[Date "2006.08.22"]
[Round "4"]
[White "Monticone, Sonia"]
[Black "Vocaturo, Ilaria"]
[Result "1/2-1/2"]
[WhiteElo "1623"]
[BlackElo "1580"]
[PlyCount "73"]
[EventDate "2006.08.19"]

1. c4 e5 2. Nc3 Nc6 3. g3 Bc5 4. Bg2 d6 5. e3 f5 6. Nge2 Nf6 7. d4 Bb6 8. Bxc6+
bxc6 9. dxe5 dxe5 10. Qxd8+ Kxd8 11. Bd2 Bb7 12. f3 Ke7 13. O-O-O Rhd8 14. Na4
c5 15. Rhf1 Bc6 16. Nxb6 axb6 17. Nc3 Rd7 18. Rf2 Rad8 19. Be1 g6 20. Rxd7+
Rxd7 21. Ne2 e4 22. fxe4 Nxe4 23. Rf1 Rd3 24. Kc2 Rxe3 25. Nf4 g5 26. Nh3 Bd7
27. Nxg5 Nxg5 28. Bd2 Re2 29. Kd3 Rxh2 30. Bxg5+ Kf7 31. Kc3 Re2 32. Rh1 Kg6
33. Bf4 c6 34. Rh6+ Kg7 35. Rd6 Re7 36. Bg5 Rf7 37. Bh6+ 1/2-1/2

[Event "XXXIII C.to Italiano femminile"]
[Site "Bratto - Castione della Presolana ITA"]
[Date "2006.08.22"]
[Round "4"]
[White "Panella, Fiammetta"]
[Black "Arnetta, Maria Teresa"]
[Result "1/2-1/2"]
[WhiteElo "1954"]
[BlackElo "2020"]
[PlyCount "39"]
[EventDate "2006.08.19"]

1. e4 c5 2. Nf3 Nc6 3. d4 cxd4 4. Nxd4 Nf6 5. Nc3 e5 6. Ndb5 d6 7. Nd5 Nxd5 8.
exd5 Nb8 9. c4 a6 10. Nc3 Be7 11. Bd3 O-O 12. O-O f5 13. f3 Nd7 14. Be3 Bg5 15.
Bf2 Qf6 16. Qe1 Qh6 17. Rd1 Kh8 18. b4 b6 19. Bc2 Be7 20. Ba4 1/2-1/2

[Event "XXXIII C.to Italiano femminile"]
[Site "Bratto - Castione della Presolana ITA"]
[Date "2006.08.22"]
[Round "4"]
[White "Santurbano, Maria Vincenza"]
[Black "Sautto, Alessandra"]
[Result "1/2-1/2"]
[WhiteElo "1985"]
[BlackElo "1950"]
[PlyCount "75"]
[EventDate "2006.08.19"]

1. e4 e6 2. d4 d5 3. exd5 exd5 4. Nf3 Bd6 5. c4 c6 6. Nc3 Qe7+ 7. Be2 Nf6 8.
O-O O-O 9. Bg5 Be6 10. cxd5 Bxd5 11. Nxd5 cxd5 12. Re1 Bb4 13. Rf1 Nbd7 14. a3
Ba5 15. Bd3 Qd6 16. g3 Ne4 17. Bf4 Qe6 18. Qb3 Bb6 19. Rfe1 Ndf6 20. Ng5 Qd7
21. Nxe4 dxe4 22. Bxe4 Qxd4 23. Be3 Qxe4 24. Bxb6 Qd5 25. Qxd5 Nxd5 26. Bd4 a6
27. Rad1 g6 28. Bc5 Rfd8 29. Re5 Nf6 30. Rxd8+ Rxd8 31. Re7 Rd7 32. Re2 h5 33.
Bb4 Nd5 34. Bc5 f6 35. Re8+ Kf7 36. Rf8+ Ke6 37. Kg2 Rc7 38. b4 1/2-1/2

[Event "XXXIII C.to Italiano femminile"]
[Site "Bratto - Castione della Presolana ITA"]
[Date "2006.08.22"]
[Round "4"]
[White "Varagnolo, Silvia"]
[Black "Reginato, Sabrina"]
[Result "1/2-1/2"]
[WhiteElo "1667"]
[BlackElo "1517"]
[PlyCount "77"]
[EventDate "2006.08.19"]

1. e4 c5 2. Nc3 Nc6 3. g3 g6 4. Bg2 Bg7 5. d3 d6 6. Be3 e6 7. Qd2 Nd4 8. Nd1 e5
9. c3 Nc6 10. Ne2 Nge7 11. Bh6 O-O 12. h4 Bxh6 13. Qxh6 f6 14. Qd2 Rb8 15. f4
Qe8 16. Bf3 b5 17. h5 b4 18. hxg6 Qxg6 19. f5 Qg7 20. g4 Bd7 21. Ng3 Be8 22.
Nh5 Bxh5 23. Rxh5 Kh8 24. Nf2 Rg8 25. Nh3 bxc3 26. bxc3 Qf7 27. g5 Rg7 28. gxf6
Qxf6 29. Qh6 Qxh6 30. Rxh6 Nc8 31. Rd1 Rbb7 32. Rd2 Rg3 33. Rf2 Kg7 34. Rh4
Rb1+ 35. Kd2 Nb6 36. Rg4+ Rxg4 37. Bxg4 Kf6 38. Bd1 c4 39. Bg4 1/2-1/2

[Event "XXXIII C.to Italiano femminile"]
[Site "Bratto - Castione della Presolana ITA"]
[Date "2006.08.22"]
[Round "4"]
[White "Zanaboni, Alessandra"]
[Black "Mosca, Giulia"]
[Result "1-0"]
[WhiteElo "1617"]
[BlackElo "1563"]
[PlyCount "43"]
[EventDate "2006.08.19"]

1. e4 c6 2. d4 d5 3. exd5 cxd5 4. Bd3 Nc6 5. c3 Nf6 6. Bf4 g6 7. Nf3 Bg7 8. O-O
O-O 9. Nbd2 Bf5 10. Bxf5 gxf5 11. Nh4 e6 12. Qf3 Kh8 13. Qh3 Rg8 14. Rae1 b5
15. Rxe6 Qd7 16. Rd6 Qc8 17. Qxf5 Qxf5 18. Nxf5 Nd8 19. Nxg7 Kxg7 20. Be5 Ne6
21. Rxd5 a6 22. Ne4 1-0

[Event "XXXIII C.to Italiano femminile"]
[Site "Bratto - Castione della Presolana ITA"]
[Date "2006.08.23"]
[Round "5"]
[White "Ammendola, Monica"]
[Black "Chiarion, Elisa"]
[Result "0-1"]
[WhiteElo "1640"]
[BlackElo "1636"]
[PlyCount "58"]
[EventDate "2006.08.19"]

1. b3 d5 2. Bb2 c5 3. Nf3 Nf6 4. e3 Bf5 5. Bb5+ Bd7 6. Bxd7+ Nbxd7 7. O-O e6 8.
d4 cxd4 9. exd4 Bd6 10. Ne5 Qc7 11. f4 O-O 12. Nc3 a6 13. Rc1 Rac8 14. Ne2 b5
15. Ng3 Qa5 16. Ra1 Bb4 17. Qd3 Rc7 18. a4 Qb6 19. axb5 axb5 20. c4 bxc4 21.
bxc4 Nxe5 22. fxe5 dxc4 23. Qe2 Nd5 24. Rfd1 c3 25. Bc1 c2 26. Rf1 Qxd4+ 27.
Be3 Qxe3+ 28. Qxe3 Nxe3 29. Rf2 c1=Q+ 0-1

[Event "XXXIII C.to Italiano femminile"]
[Site "Bratto - Castione della Presolana ITA"]
[Date "2006.08.23"]
[Round "5"]
[White "Arnetta, Maria Teresa"]
[Black "Brunello, Roberta"]
[Result "0-1"]
[WhiteElo "2020"]
[BlackElo "1863"]
[PlyCount "76"]
[EventDate "2006.08.19"]

1. e4 e5 2. f4 exf4 3. Bc4 Qh4+ 4. Kf1 Nf6 5. Nc3 Ng4 6. Nh3 f3 7. Qxf3 Ne5 8.
Qe2 Qf6+ 9. Ke1 Nbc6 10. Nd5 Qh4+ 11. Kf1 Nd4 12. Qf2 Qxf2+ 13. Nxf2 Nxc2 14.
Nxc7+ Kd8 15. Nxa8 Nxa1 16. Bd5 Nc2 17. d4 Nxd4 18. Be3 Nec6 19. Bxf7 b6 20.
Bf4 d6 21. Nd3 Ba6 22. Kf2 Bxd3 23. Rd1 Bxe4 24. Re1 d5 25. Nc7 Bc5 26. Kg3
Nf5+ 27. Kh3 Nfe7 28. Ne6+ Kc8 29. Nxg7 Rf8 30. Be6+ Kb7 31. g3 Nf5 32. Nh5
Nfd4 33. Bg4 Bf5 34. Bxf5 Rxf5 35. Kg4 Rf7 36. Bg5 Nf3 37. Re2 Nce5+ 38. Kh3
Nxg5+ 0-1

[Event "XXXIII C.to Italiano femminile"]
[Site "Bratto - Castione della Presolana ITA"]
[Date "2006.08.23"]
[Round "5"]
[White "Chierici, Marianna"]
[Black "Panella, Fiammetta"]
[Result "0-1"]
[WhiteElo "1938"]
[BlackElo "1954"]
[PlyCount "86"]
[EventDate "2006.08.19"]

1. e4 c5 2. c3 Nf6 3. e5 Nd5 4. d4 cxd4 5. Nf3 e6 6. cxd4 d6 7. Nc3 Nxc3 8.
bxc3 Qc7 9. Bd2 Nd7 10. exd6 Bxd6 11. Bd3 O-O 12. O-O b6 13. Re1 Bb7 14. h3
Rac8 15. c4 Rfd8 16. a4 Bf4 17. Be3 Nf6 18. Qe2 h6 19. Nd2 Bc6 20. Nb3 Bh2+ 21.
Kh1 Bd6 22. Rec1 Qb8 23. Rg1 Rc7 24. a5 Be7 25. axb6 axb6 26. Rab1 Qa8 27. Nd2
Nd7 28. Rb2 Ra7 29. Kh2 Bf6 30. Qg4 Ne5 31. Qe2 Nxd3 32. Qxd3 e5 33. Rxb6 exd4
34. Bf4 Ra3 35. Qf5 Ra5 36. Qg4 h5 37. Qd1 d3 38. Nb3 Rf5 39. Be3 Be5+ 40. Kh1
Bc7 41. Nd4 Rxd4 42. Bxd4 Bxb6 43. Bxb6 Rf3 0-1

[Event "XXXIII C.to Italiano femminile"]
[Site "Bratto - Castione della Presolana ITA"]
[Date "2006.08.23"]
[Round "5"]
[White "De Rosa, Mariagrazia"]
[Black "Santurbano, Maria Vincenza"]
[Result "1-0"]
[WhiteElo "2092"]
[BlackElo "1985"]
[PlyCount "39"]
[EventDate "2006.08.19"]

1. e4 g6 2. d4 Bg7 3. Nf3 d6 4. Bc4 Nf6 5. Qe2 O-O 6. O-O c5 7. dxc5 dxc5 8.
Rd1 Qc7 9. Nc3 Bg4 10. Nb5 Qc6 11. e5 Nfd7 12. Bd5 Qb6 13. Bf4 a6 14. Na3 Qxb2
15. Nc4 Qc3 16. Rab1 Bf5 17. Rb2 e6 18. Bxb7 Ra7 19. Be4 Nxe5 20. Nfxe5 1-0

[Event "XXXIII C.to Italiano femminile"]
[Site "Bratto - Castione della Presolana ITA"]
[Date "2006.08.23"]
[Round "5"]
[White "Matta, Francesca"]
[Black "Costantini, Laura"]
[Result "0-1"]
[WhiteElo "1841"]
[BlackElo "2048"]
[PlyCount "110"]
[EventDate "2006.08.19"]

1. e4 c5 2. Nc3 d6 3. g3 g6 4. Bg2 Bg7 5. d3 Nc6 6. f4 e6 7. Nf3 Nge7 8. O-O
O-O 9. Be3 b6 10. Nh4 f5 11. exf5 exf5 12. Nd5 Bb7 13. c3 Kh8 14. Nxe7 Qxe7 15.
Re1 Qd7 16. Nf3 b5 17. d4 c4 18. d5 Ne7 19. Ng5 Bf6 20. Bd4 Ng8 21. Bxf6+ Nxf6
22. Qd4 h6 23. Re6 Qg7 24. Nh3 Rad8 25. Rae1 Nxd5 26. Rxg6 Qxd4+ 27. cxd4 Ba8
28. Ree6 Rd7 29. Rxh6+ Rh7 30. Rxh7+ Kxh7 31. Rxd6 Nb4 32. Rd7+ Kg8 33. Rxa7
Bxg2 34. Kxg2 Nd3 35. Rb7 b4 36. Nf2 Nxb2 37. Rxb4 c3 38. Nd3 Nxd3 39. Rc4 c2
40. Rc3 c1=Q 41. Rxc1 Nxc1 42. a4 Nb3 43. d5 Rd8 44. Kh3 Rxd5 45. g4 Nd4 46.
gxf5 Kf7 47. Kg4 Kf6 48. h4 Nxf5 49. h5 Nh6+ 50. Kh4 Ra5 51. Kg3 Rxh5 52. Kf3
Kf5 53. a5 Rh4 54. a6 Rxf4+ 55. Ke3 Ra4 0-1